| 000 | 00498cam a2200169 a 4500 | ||
|---|---|---|---|
| 001 | 000003379 | ||
| 005 | 20200929150427.0 | ||
| 008 | 750609s1949 nyu 000 0 eng | ||
| 040 |
_aDO-SdBNP _bspa _cBNPHU |
||
| 082 |
_a813.54 _bL477q |
||
| 100 | 1 |
_aLee, Edna, _d1890-1963. _910548 |
|
| 245 | 1 | 4 |
_aThe queen bee / _cEdna Lee. |
| 260 |
_aNew York : _bAppleton-Century-Crofts, _c[1949]. |
||
| 300 |
_a220 p. ; _c21 cm. |
||
| 650 | 4 |
_aNovela estadounidense _9262 |
|
| 650 | 4 |
_aLiteratura estadounidense _9263 |
|
| 999 |
_c3209 _d3209 |
||